The noble scholar, jurist, historian


 His Excellency Dr. Abdul Wahhab bin Ibrahim Abu Sulaiman, may Allah have mercy on him.


 He was born in Umm Al-Qura in the year 1356 AH.

النظرية الاجتماعية من بارسونز إلى هابرماس / (Record no. 3150)

MARC details
000 -LEADER
fixed length control field 01708cam a2200361 i 4500
003 - CONTROL NUMBER IDENTIFIER
control field SA-RiAUC
005 - DATE AND TIME OF LATEST TRANSACTION
control field 20241209062020.0
008 - FIXED-LENGTH DATA ELEMENTS--GENERAL INFORMATION
fixed length control field 241201s1999 ku g b 000 0dara c
020 ## - INTERNATIONAL STANDARD BOOK NUMBER
International Standard Book Number 999060018X
040 ## - CATALOGING SOURCE
Original cataloging agency SA-JeALM
Language of cataloging ara
Transcribing agency SA-RiAUC
Description conventions rda
041 1# - LANGUAGE CODE
Language code of text/sound track or separate title ara
Language code of original eng
050 #4 - LIBRARY OF CONGRESS CALL NUMBER
Item number .C712 1999
082 04 - DEWEY DECIMAL CLASSIFICATION NUMBER
Classification number 301.01
090 ## - LOCALLY ASSIGNED LC-TYPE CALL NUMBER (OCLC); LOCAL CALL NUMBER (RLIN)
Classification number (OCLC) (R) ; Classification number, CALL (RLIN) (NR) 301.01
Local cutter number (OCLC) ; Book number/undivided call number, CALL (RLIN) ك ر ي
100 1# - MAIN ENTRY--PERSONAL NAME
Personal name كريب، إيان،
Dates associated with a name 1945-2002
Relator term مؤلف.
245 12 - TITLE STATEMENT
Title النظرية الاجتماعية من بارسونز إلى هابرماس /
Statement of responsibility, etc. تأليف إيان كريب ؛ ترجمة محمد حسين غلوم، محمد عصفور.
264 #1 - PRODUCTION, PUBLICATION, DISTRIBUTION, MANUFACTURE, AND COPYRIGHT NOTICE
Place of production, publication, distribution, manufacture الكويت :
Name of producer, publisher, distributor, manufacturer المجلس الوطني للثقافة والفنون،
Date of production, publication, distribution, manufacture, or copyright notice 1999
300 ## - PHYSICAL DESCRIPTION
Extent 391 صفحة ؛
Dimensions 24 سم.
336 ## - CONTENT TYPE
Content type term نص
Content type code txt
Source rdacontent
Materials specified كتاب
337 ## - MEDIA TYPE
Media type term بدون وسيط
Media type code n
Source rdamedia
338 ## - CARRIER TYPE
Carrier type term مجلد
Carrier type code nc
Source rdacarrier
440 #0 - SERIES STATEMENT/ADDED ENTRY--TITLE
Title عالم المعرفة (المجلس الوطني للثقافة والفنون والآداب)
Volume/sequential designation 244
500 ## - GENERAL NOTE
General note الكتاب ترجمة ل : Modern social theory.
504 ## - BIBLIOGRAPHY, ETC. NOTE
Bibliography, etc. note يشتمل على إرجاعات ببليوجرافية.
600 17 - SUBJECT ADDED ENTRY--PERSONAL NAME
Personal name بارسونز، تالكوت،
Dates associated with a name 1902-1979
Source of heading or term aucnm
600 17 - SUBJECT ADDED ENTRY--PERSONAL NAME
Personal name هابرماس، يورغن،
Dates associated with a name 1929-
Source of heading or term aucnm
650 #7 - SUBJECT ADDED ENTRY--TOPICAL TERM
Topical term or geographic name entry element علم الاجتماع
General subdivision فلسفة
Source of heading or term aucsh
700 1# - ADDED ENTRY--PERSONAL NAME
Personal name غلوم، محمد حسين
Relator term مترجم.
700 1# - ADDED ENTRY--PERSONAL NAME
Personal name عصفور، محمد،
Dates associated with a name 1940-
Relator term مراجع.
942 ## - ADDED ENTRY ELEMENTS (KOHA)
Source of classification or shelving scheme Dewey Decimal Classification
Koha item type Books
Suppress in OPAC No
949 ## - LOCAL PROCESSING INFORMATION (OCLC)
a SA-JeALM
d 241201
u osman123
n 1
Holdings
Withdrawn status Lost status Source of classification or shelving scheme Damaged status Not for loan Home library Current library Date acquired Total checkouts Full call number Barcode Date last seen Price effective from Koha item type
    Dewey Decimal Classification     DR AbdElwahab Library DR AbdElwahab Library 12/09/2024   301.01 ك ر ي 000004943 12/09/2024 12/09/2024 Books